000 00801nam a2200217 a 4500
005 20161013124120.0
008 161013b2015 fr ad|||r|||| 00| 0 eng d
020 _a9780930357979
040 _aCO-BoIAVH
_cCO-BoIAVH
041 0 _aeng
044 _afr
082 0 4 _a333.714
_bR45t
245 0 0 _aReview of targets for the sustainable development goals :
_bThe science perspective /
260 _aParís, Francia :
_bICSU :
_bISSC,
_c2015.
300 _a82 páginas :
_bilustraciones, gráficas y tablas ;
_c30 x 21 cm.
650 2 6 _aDesarrollo sostenible
_xAspectos ambientales
650 2 6 _aDesarrollo sostenible
_xAspectos científicos
650 2 6 _aDesarrollo sostenible
_xAspectos sociales
710 2 _aInternational Council for Science
942 _2ddc
_cLIBRO
999 _c19085
_d19085